Mixed Word: Big 4 Sports Quiz Stats

Quiz Updated Oct 13, 2016

Challenge
Share
Tweet
Embed
Score 0/20 Timer 03:00
0 Plays Today
Scramble Answer % Correct
ATEXS NRGAERSTexas Rangers
95.4%
ICHACOG LBUSLChicago Bulls
94.9%
OBOSNT DRE SXOBoston Red Sox
94.7%
SMNINOETA IVIKGNSMinnesota Vikings
93.6%
SKANSA TCYI HCEFISKansas City Chiefs
93.4%
IPHNEOX NSSUPhoenix Suns
93.3%
IMMIA THAEMiami Heat
93.2%
ETNSSENEE TTNIASTennessee Titans
92.1%
EWN ROYK EYKNEASNew York Yankees
91.7%
NSA IFANSCRCO AGITNSSan Francisco Giants
90.5%
Scramble Answer % Correct
RTNOTOO PMALE ALFESToronto Maple Leafs
81.8%
AONLAKD ARDREISOakland Raiders
80.5%
TSELATE SWHAAKESSeattle Seahawks
80%
IAZRNOA KDAMAODCNBISArizona Diamondbacks
73.9%
MSTNCAAREO NKGSISacramento Kings
73.8%
LCRAAGY MFAELSCalgary Flames
66.1%
LDALSA CMRIKEVSADallas Mavericks
65.4%
ANHILLVSE RPDETARSONashville Predators
64.2%
EMORTANL ICDNAANESMontreal Canadiens
55.3%
TAWOAT RSONETASOttawa Senators
55%

You're not logged in!

Compare scores with friends on all Sporcle quizzes.
Sign Up with Email
OR
Log In

You Might Also Like...

Show Comments

Extras

Top Quizzes Today


Score Distribution

Your Account Isn't Verified!

In order to create a playlist on Sporcle, you need to verify the email address you used during registration. Go to your Sporcle Settings to finish the process.